| 000 | 01036nam a2200229 a 4500 | ||
|---|---|---|---|
| 008 | 100118s2008 ||||||||||||||||| || u | ||
| 020 | _a9781412939560 | ||
| 050 | _aHD 62.4 Tho | ||
| 100 | _aThomas, David C | ||
| 245 | 1 | 0 |
_aCross-cultural management: essential concepts. -- 2nd ed. _cDavid C. Thomas |
| 250 | _a2nd ed. | ||
| 260 |
_aLondon: _bSAGE Publications _c2008 |
||
| 300 | _axix, 327p.: ill. | ||
| 350 | _a0.00 | ||
| 650 | _aINDUSTRY | ||
| 650 | _aIntercultural communication | ||
| 650 | _aMANAGEMENT--CROSS-CULTURAL STUDIES | ||
| 650 | _aINTERNATIONAL BUSINESS ENTERPRISES--MANAGEMENT--CROSS-CULTURAL STUDIES | ||
| 650 | _aINTERNATIONAL BUSINESS ENTERPRISES--MANAGEMENT | ||
| 995 |
_D0.00 _FCBU-MAIN LIBRARY (Kitwe) _H1 _I0.00 _M1 _UAVAILABLE _WApr 6, 2010 _ZMain Library Open Access Collection |
||
| 995 |
_D0.00 _FCBU-MAIN LIBRARY (Kitwe) _H1 _I0.00 _M2 _UAVAILABLE _WApr 6, 2010 _ZMain Library Open Access Collection |
||
| 999 |
_c62635 _d62635 |
||